Kaupunkeja kuvien mukaan #1 - Statistics

Yleistilastot
  • Tätä visaa on pelattu 637 kertaa
  • Keskiarvotulos 12 / 18
Vastaustilastot
Kuvavisa Vastaus % Oikein
Pariisi
98%
Sydney
93%
Lontoo
91%
Moskova
91%
Rio de Janeiro
88%
Ateena
84%
Rooma
75%
Tokio
73%
Amsterdam
71%
Barcelona
65%
Washington DC
64%
Dubai
61%
Istanbul
53%
Kuala Lumpur
43%
Seattle
43%
Toronto
40%
Shanghai
35%
Mekka
21%
Ehtoja vastaavia visoja ei löytynyt
Tulosjakauma
Jokaisen tuloksen saaneiden osuus
Persentiili vastausten määrän mukaan
Tuloshistoriasi
Et ole pelannut tätä visaa